Quiz spé svt terminale - Les roches - Statistiques

Statistiques générales
  • Ce quiz a été pris 304 fois
  • Le résultat moyen est 7 sur 20
Statistiques - réponses
Hint Réponse % Correct
Avec quelle lettre designe t-on la période/demi-vie T
77%
Quelle type de datation peut donner un âge chiffré Absolue
70%
Quel principe indique que tout événement qui déforme un autre est plus récent Recoupement
70%
Quel type de roche retrouve t-on dans la croûte océanique autre que le basalte Gabbro
60%
Comment appelle t'on un fossile qui est un bon marqueur du temps Stratigraphique
57%
Dans quelle type de roche se trouve les fossiles Sedimentaire
52%
Quel est le nom de la droite pour dater le couple Rb/Sr Isochrone
43%
Quel adjectif ajoute t-on a une faille se produisant en cas de collision Inverse
38%
Quel principe indique que deux strates contenant les mêmes fossiles ont le même âge Identité paléontologique
36%
Quel terme désigne un changement chez la roche en fonction de la pression Métamorphisme
36%
Comment nomme t-on l'ensemble des roches qui constituent la lithosphère d'un océan disparu Ophiolite
34%
Quel est la première étape de " l'ouverture" d'un nouvel océan Rift
34%
Quel surnom donne t-on aux éléments radiogeniques Fils
25%
Comment se nomme le cas où la plaque se casse lors de la subduction et que des morceaux remonte en Surface Obduction
23%
Quel est le nom de la courbe du couple U/Pb Concordia
15%
Comment se nomme le cycle orogenique de la Terre Wilson
12%
Comment appelle t-on la géographie passée de la Terre Paléogéographie
11%
Quel type de couple forme un isotope père et un isotope fils Radiochronomètre
7%
Et combien de millions d'années dure t-il ? 500
6%
Comment s'appelle une chaîne de montagnes formées par collision ( autre que orogenes) Ceinture orogenique
3%
Aucun quiz correspondant
Distribution des résultats
% des personnes avec chaque résultat
Percentile par nombre de réponses
Votre historique - résultats
Vous n’avez pas pris ce quiz